[Event "11th Arad Open 2018"]
[Site "Arad"]
[Date "2018.08.07"]
[Round "4"]
[White "Abramciuc, Marius"]
[Black "Samu, Sorin-Mihai"]
[Result "1-0"]
[WhiteElo "2357"]
[BlackElo "2090"]
[Annotator "NA"]
[PlyCount "85"]
[EventDate "2018.08.05"]
[EventType "swiss"]
[EventCountry "ROU"]
[SourceTitle "playchess.com"]
[Source "ChessBase"]
[SourceQuality "1"]
[TimeControl "40/5400+30:1800+30"]

1. e4 {[%emt 0:00:00]} Nc6 {[%emt 0:01:54]} 2. d4 {[%emt 0:04:09]} e5 {[%emt 0:00:13]} 3. Nf3 {[%emt 0:01:43]} exd4 {[%emt 0:00:17]} 4. Nxd4 {[%emt 0:00:08]} Bc5 {[%emt 0:01:03]} 5. Be3 {[%emt 0:00:07]} Nxd4 {[%emt 0:03:07]} 6. Bxd4 {[%emt 0:00:05]} Bxd4 {[%emt 0:00:13]} 7. Qxd4 {[%emt 0:00:01]} Qf6 {[%emt 0:00:22]} 8. c3 {[%emt 0:02:58]} d6 {[%emt 0:00:45]} 9. Na3 {[%emt 0:03:58]} Qxd4 {[%emt 0:02:26]} 10. cxd4 {[%emt 0:00:01]} Bd7 {[%emt 0:01:02]} 11. Nb5 {[%emt 0:10:15]} Bxb5 {[%emt 0:00:44]} 12. Bxb5+ {[%emt 0:00:01]} c6 {[%emt 0:00:17]} 13. Bd3 {[%emt 0:00:06]} Nf6 {[%emt 0:00:59]} 14. f3 {[%emt 0:00:40]} O-O-O {[%emt 0:00:49]} 15. Kf2 {[%emt 0:01:37]} Rhe8 {[%emt 0:01:49]} 16. Rac1 {[%emt 0:05:04]} Kb8 {[%emt 0:00:27]} 17. Rhe1 {[%emt 0:02:53]} Re7 {[%emt 0:00:39]} 18. g4 {[%emt 0:00:47]} Ne8 {[%emt 0:00:22]} 19. h4 {[%emt 0:01:43]} Nc7 {[%emt 0:00:04]} 20. g5 {[%emt 0:04:07]} Ne6 {[%emt 0:00:28]} 21. Ke3 {[%emt 0:00:11]} d5 {[%emt 0:01:26]} 22. e5 {[%emt 0:01:16]} g6 {[%emt 0:03:41]} 23. f4 {[%emt 0:00:28]} Rh8 {[%emt 0:02:22]} 24. h5 {[%emt 0:11:10]} Ng7 {[%emt 0:00:28]} 25. hxg6 {[%emt 0:05:15]} hxg6 {[%emt 0:00:13]} 26. Rh1 {[%emt 0:00:07]} Rxh1 {[%emt 0:02:24]} 27. Rxh1 {[%emt 0:00:02]} Ne6 {[%emt 0:00:26]} 28. Rh8+ {[%emt 0:04:47]} Kc7 {[%emt 0:00:10]} 29. Be2 {[%emt 0:00:50]} b6 {[%emt 0:00:09]} 30. Bg4 {[%emt 0:01:08]} Nd8 {[%emt 0:01:10]} 31. b4 {[%emt 0:00:36]} b5 {[%emt 0:04:45]} 32. f5 {[%emt 0:00:54]} gxf5 {[%emt 0:00:26]} 33. Bxf5 {[%emt 0:00:03]} Ne6 {[%emt 0:00:08]} 34. Bxe6 {[%emt 0:00:18]} Rxe6 {[%emt 0:03:40]} 35. Rh7 {[%emt 0:00:07]} a5 {[%emt 0:04:28]} 36. Rxf7+ {[%emt 0:00:31]} Kb6 {[%emt 0:00:03]} 37. a3 {[%emt 0:00:11]} axb4 {[%emt 0:00:46]} 38. axb4 {[%emt 0:00:02]} Re8 {[%emt 0:00:19]} 39. g6 {[%emt 0:00:09]} c5 {[%emt 0:00:47]} 40. dxc5+ {[%emt 0:00:00]} Kc6 {[%emt 0:00:00]} 41. g7 {[%emt 0:15:26]} d4+ {[%emt 0:15:52]} 42. Kd3 {[%emt 0:00:35]} Kd5 {[%emt 0:00:33]} 43. Rf8 {[%emt 0:00:08]} 1-0

[Event "11th Arad Open 2018"]
[Site "Arad"]
[Date "2018.08.07"]
[Round "4"]
[White "Balla, Tamas-Kristof"]
[Black "Visanescu, Daria-Ioana"]
[Result "1-0"]
[WhiteElo "2352"]
[BlackElo "2075"]
[Annotator "NA"]
[PlyCount "109"]
[EventDate "2018.08.05"]
[EventType "swiss"]
[EventCountry "ROU"]
[SourceTitle "playchess.com"]
[Source "ChessBase"]
[SourceQuality "1"]
[TimeControl "40/5400+30:1800+30"]

1. d4 {[%emt 0:07:49]} d5 {[%emt 0:00:00]} 2. c4 {[%emt 0:00:06]} e6 {[%emt 0:00:00]} 3. Nf3 {[%emt 0:00:10]} a6 {[%emt 0:00:27]} 4. cxd5 {[%emt 0:08:11]} exd5 {[%emt 0:00:06]} 5. Nc3 {[%emt 0:00:04]} c6 {[%emt 0:00:24]} 6. Bf4 {[%emt 0:00:37]} Bd6 {[%emt 0:00:44]} 7. Bg3 {[%emt 0:00:21]} Ne7 {[%emt 0:00:20]} 8. e3 {[%emt 0:00:19]} O-O {[%emt 0:14:38]} 9. Qb3 {[%emt 0:01:19]} b5 {[%emt 0:14:54]} 10. Be2 {[%emt 0:05:09]} Bg4 {[%emt 0:01:46]} 11. Rc1 {[%emt 0:04:06]} Re8 {[%emt 0:03:32]} 12. Bxd6 {[%emt 0:11:57]} Qxd6 {[%emt 0:00:07]} 13. Ne5 {[%emt 0:00:03]} Bxe2 {[%emt 0:06:09]} 14. Nxe2 {[%emt 0:01:17]} Rc8 {[%emt 0:08:40]} 15. Nd3 {[%emt 0:04:23]} Nd7 {[%emt 0:00:15]} 16. O-O {[%emt 0:00:07]} Nb6 {[%emt 0:05:36]} 17. Nc5 {[%emt 0:03:44]} a5 {[%emt 0:03:52]} 18. Qd3 {[%emt 0:01:43]} a4 {[%emt 0:01:14]} 19. Ng3 {[%emt 0:01:17]} Qf6 {[%emt 0:16:01]} 20. Rc2 {[%emt 0:03:29]} Ra7 {[%emt 0:01:37]} 21. Rfc1 {[%emt 0:02:01]} g6 {[%emt 0:01:22]} 22. Qe2 {[%emt 0:01:51]} Kg7 {[%emt 0:08:34]} 23. Qg4 {[%emt 0:00:47]} Qd6 {[%emt 0:01:33]} 24. h4 {[%emt 0:07:45]} f5 {[%emt 0:00:56]} 25. Qf3 {[%emt 0:00:46]} Rf8 {[%emt 0:02:08]} 26. Ne2 {[%emt 0:00:44]} h6 {[%emt 0:01:16]} 27. Nf4 {[%emt 0:02:48]} Rf6 {[%emt 0:00:06]} 28. Ncd3 {[%emt 0:02:46]} Nd7 {[%emt 0:00:08]} 29. Qg3 {[%emt 0:03:05]} Kh7 {[%emt 0:00:28]} 30. Qf3 {[%emt 0:09:49]} Ra8 {[%emt 0:01:06]} 31. h5 {[%emt 0:02:20]} gxh5 {[%emt 0:01:43]} 32. Qxh5 {[%emt 0:04:59]} Rg8 {[%emt 0:00:11]} 33. Qh3 {[%emt 0:01:52]} Rg4 {[%emt 0:03:49]} 34. f3 {[%emt 0:00:31]} Rg5 {[%emt 0:00:27]} 35. Kf2 {[%emt 0:00:28]} b4 {[%emt 0:02:30]} 36. Rh1 {[%emt 0:03:03]} b3 {[%emt 0:00:44]} 37. axb3 {[%emt 0:00:30]} axb3 {[%emt 0:00:03]} 38. Rc3 {[%emt 0:00:07]} Qb8 {[%emt 0:00:19]} 39. Qh4 {[%emt 0:01:09]} Kg8 {[%emt 0:01:04]} 40. Nh5 {[%emt 0:00:00]} Rf7 {[%emt 0:00:00]} 41. Qf4 {[%emt 0:18:56]} Qe8 {[%emt 0:18:27]} 42. Rxb3 {[%emt 0:02:16]} Rh7 {[%emt 0:07:50]} 43. Qh2 {[%emt 0:03:30]} Qc8 {[%emt 0:02:51]} 44. Ne5 {[%emt 0:02:07]} Rxh5 {[%emt 0:02:09]} 45. Qxh5 {[%emt 0:00:33]} Nxe5 {[%emt 0:00:11]} 46. dxe5 {[%emt 0:00:11]} c5 {[%emt 0:00:03]} 47. Ra1 {[%emt 0:01:16]} d4 {[%emt 0:00:21]} 48. e4 {[%emt 0:01:02]} c4 {[%emt 0:01:23]} 49. Rba3 {[%emt 0:00:22]} Qc5 {[%emt 0:00:12]} 50. Ra8+ {[%emt 0:00:24]} Kg7 {[%emt 0:00:11]} 51. R1a5 {[%emt 0:01:13]} Qb4 {[%emt 0:00:22]} 52. exf5 {[%emt 0:00:07]} Qd2+ {[%emt 0:00:27]} 53. Kg3 {[%emt 0:00:53]} Nxf5+ {[%emt 0:00:29]} 54. Qxf5 {[%emt 0:00:17]} Qe1+ {[%emt 0:00:05]} 55. Kh2 {[%emt 0:00:13]} 1-0

[Event "11th Arad Open 2018"]
[Site "Arad"]
[Date "2018.08.07"]
[Round "4"]
[White "Ileana, George"]
[Black "Bai, Adelard"]
[Result "0-1"]
[WhiteElo "2324"]
[BlackElo "2071"]
[Annotator "NA"]
[PlyCount "97"]
[EventDate "2018.08.05"]
[EventType "swiss"]
[EventCountry "ROU"]
[SourceTitle "playchess.com"]
[Source "ChessBase"]
[SourceQuality "1"]
[TimeControl "40/5400+30:1800+30"]

1. e4 {[%emt 0:00:00]} e5 {[%emt 0:00:23]} 2. Nf3 {[%emt 0:00:00]} Nc6 {[%emt 0:00:19]} 3. Bc4 {[%emt 0:00:00]} Nf6 {[%emt 0:00:17]} 4. d3 {[%emt 0:00:00]} Be7 {[%emt 0:00:38]} 5. O-O {[%emt 0:01:01]} d6 {[%emt 0:00:28]} 6. c3 {[%emt 0:00:06]} O-O {[%emt 0:00:39]} 7. Re1 {[%emt 0:00:26]} Kh8 {[%emt 0:00:32]} 8. Nbd2 {[%emt 0:00:33]} Ng8 {[%emt 0:00:59]} 9. d4 {[%emt 0:01:29]} f5 {[%emt 0:01:02]} 10. dxe5 {[%emt 0:00:41]} fxe4 {[%emt 0:00:18]} 11. exd6 {[%emt 0:02:09]} cxd6 {[%emt 0:16:16]} 12. Nxe4 {[%emt 0:00:11]} Bg4 {[%emt 0:09:54]} 13. Be2 {[%emt 0:00:22]} d5 {[%emt 0:01:58]} 14. Ng3 {[%emt 0:00:19]} Qb6 {[%emt 0:07:52]} 15. Qb3 {[%emt 0:02:06]} Qc7 {[%emt 0:01:14]} 16. Be3 {[%emt 0:01:40]} Bxf3 {[%emt 0:00:59]} 17. Bxf3 {[%emt 0:00:10]} Rxf3 {[%emt 0:00:23]} 18. gxf3 {[%emt 0:00:21]} Ne5 {[%emt 0:04:48]} 19. Kg2 {[%emt 0:04:05]} Rf8 {[%emt 0:03:35]} 20. f4 {[%emt 0:00:27]} Ng6 {[%emt 0:15:21]} 21. Kf1 {[%emt 0:16:08]} Nxf4 22. Rad1 {[%emt 0:02:35]} Bh4 {[%emt 0:09:50]} 23. Rd4 {[%emt 0:01:38]} Bxg3 {[%emt 0:00:57]} 24. hxg3 {[%emt 0:00:05]} Ne6 {[%emt 0:00:23]} 25. Bf4 {[%emt 0:01:57]} Nxd4 {[%emt 0:01:43]} 26. Bxc7 {[%emt 0:00:44]} Nxb3 {[%emt 0:00:09]} 27. axb3 {[%emt 0:00:05]} Nf6 {[%emt 0:00:51]} 28. Kg2 {[%emt 0:00:22]} Kg8 {[%emt 0:03:36]} 29. Re7 {[%emt 0:01:04]} Rf7 {[%emt 0:05:19]} 30. Rxf7 {[%emt 0:00:24]} Kxf7 {[%emt 0:00:07]} 31. Kf3 {[%emt 0:01:13]} Ne4 {[%emt 0:01:12]} 32. Ke3 {[%emt 0:01:40]} Ke6 {[%emt 0:01:29]} 33. Bb8 {[%emt 0:00:32]} a6 {[%emt 0:00:18]} 34. b4 {[%emt 0:00:22]} g5 {[%emt 0:01:19]} 35. f3 {[%emt 0:01:39]} Nd6 {[%emt 0:00:28]} 36. b3 {[%emt 0:03:25]} h5 {[%emt 0:01:08]} 37. Kd4 {[%emt 0:02:49]} h4 {[%emt 0:04:14]} 38. gxh4 {[%emt 0:00:29]} gxh4 {[%emt 0:00:15]} 39. Ke3 {[%emt 0:00:18]} Nb5 {[%emt 0:01:05]} 40. c4 {[%emt 0:00:00]} d4+ {[%emt 0:00:00]} 41. Kd3 {[%emt 0:16:05]} Nd6 {[%emt 0:16:38]} 42. c5 {[%emt 0:00:18]} Nf5 {[%emt 0:00:19]} 43. Ke4 {[%emt 0:00:18]} h3 {[%emt 0:00:18]} 44. Bf4 {[%emt 0:02:49]} Kd7 {[%emt 0:04:26]} 45. b5 {[%emt 0:01:06]} axb5 {[%emt 0:01:11]} 46. b4 {[%emt 0:00:16]} Kc6 {[%emt 0:00:32]} 47. Bb8 {[%emt 0:01:08]} Nh4 {[%emt 0:00:38]} 48. Bg3 {[%emt 0:02:14]} d3 {[%emt 0:00:13]} 49. Kd4 0-1

[Event "11th Arad Open 2018"]
[Site "Arad"]
[Date "2018.08.07"]
[Round "4"]
[White "Yordanov, Lachezar"]
[Black "Gavrilescu, David"]
[Result "0-1"]
[WhiteElo "2314"]
[BlackElo "2468"]
[Annotator "ChessBase"]
[PlyCount "96"]
[EventDate "2018.08.05"]
[EventType "swiss"]
[EventCountry "ROU"]
[SourceTitle "playchess.com"]
[Source "ChessBase"]
[SourceQuality "1"]
[TimeControl "40/5400+30:1800+30"]

1. d4 {[%emt 0:00:00]} Nf6 {[%emt 0:00:00]} 2. c4 {[%emt 0:00:00]} e6 {[%emt 0:00:27]} 3. Nf3 {[%emt 0:00:00]} d5 {[%emt 0:00:29]} 4. Nc3 {[%emt 0:00:00]} Bb4 {[%emt 0:00:35]} 5. cxd5 {[%emt 0:00:13]} exd5 {[%emt 0:00:17]} 6. Bg5 {[%emt 0:00:07]} h6 {[%emt 0:00:26]} 7. Bxf6 {[%emt 0:00:06]} Qxf6 {[%emt 0:01:34]} 8. Qa4+ {[%emt 0:00:07]} Nc6 {[%emt 0:00:28]} 9. e3 {[%emt 0:00:06]} O-O {[%emt 0:05:44]} 10. Be2 {[%emt 0:00:05]} Be6 {[%emt 0:01:03]} 11. O-O {[%emt 0:00:12]} a6 {[%emt 0:00:45]} 12. Rfc1 {[%emt 0:01:41]} Bd6 {[%emt 0:00:59]} 13. a3 {[%emt 0:00:37]} Ne7 {[%emt 0:05:00]} 14. b4 {[%emt 0:00:20]} g5 {[%emt 0:01:39]} 15. Qd1 {[%emt 0:01:01]} g4 {[%emt 0:13:00]} 16. Ne1 {[%emt 0:00:33]} h5 {[%emt 0:01:04]} 17. g3 {[%emt 0:02:43]} Kg7 {[%emt 0:07:02]} 18. e4 {[%emt 0:06:23]} dxe4 {[%emt 0:02:26]} 19. Nxe4 {[%emt 0:00:09]} Qh6 {[%emt 0:01:43]} 20. Nxd6 {[%emt 0:01:19]} cxd6 {[%emt 0:02:46]} 21. Ng2 {[%emt 0:00:33]} Rac8 {[%emt 0:14:26]} 22. Ne3 {[%emt 0:06:53]} Nd5 {[%emt 0:03:36]} 23. Nxd5 {[%emt 0:18:05]} Bxd5 {[%emt 0:05:52]} 24. Rxc8 {[%emt 0:25:57]} Rxc8 {[%emt 0:00:22]} 25. Qd3 {[%emt 0:03:20]} Qe6 {[%emt 0:12:09]} 26. Bf1 {[%emt 0:02:12]} Qe4 {[%emt 0:02:51]} 27. Qxe4 {[%emt 0:00:10]} Bxe4 {[%emt 0:00:02]} 28. Re1 {[%emt 0:04:27]} d5 {[%emt 0:02:06]} 29. Bg2 {[%emt 0:01:54]} f5 {[%emt 0:01:02]} 30. Bxe4 {[%emt 0:00:20]} dxe4 {[%emt 0:06:15]} 31. b5 {[%emt 0:00:22]} a5 {[%emt 0:03:29]} 32. b6 {[%emt 0:00:04]} Kf6 {[%emt 0:01:21]} 33. Rb1 {[%emt 0:00:07]} Rc3 {[%emt 0:03:58]} 34. Rb5 {[%emt 0:00:06]} Rxa3 {[%emt 0:00:04]} 35. Rc5 {[%emt 0:00:05]} Rb3 {[%emt 0:00:28]} 36. Rxa5 {[%emt 0:00:10]} Rxb6 37. Ra8 {[%emt 0:01:30]} Rb1+ {[%emt 0:01:18]} 38. Kg2 {[%emt 0:00:01]} Rb2 {[%emt 0:00:07]} 39. Kg1 {[%emt 0:00:04]} Rb1+ {[%emt 0:01:34]} 40. Kg2 {[%emt 0:00:00]} Rb2 {[%emt 0:00:00]} 41. Kg1 {[%emt 0:15:13]} b5 {[%emt 0:26:44]} 42. Rf8+ {[%emt 0:01:25]} Ke6 {[%emt 0:01:00]} 43. Re8+ {[%emt 0:00:18]} Kd5 {[%emt 0:00:12]} 44. Re5+ {[%emt 0:00:07]} Kxd4 {[%emt 0:00:04]} 45. Rxf5 {[%emt 0:00:05]} b4 {[%emt 0:00:42]} 46. Rxh5 {[%emt 0:00:21]} b3 {[%emt 0:02:23]} 47. Rb5 {[%emt 0:00:50]} Kc4 {[%emt 0:00:22]} 48. Rb8 {[%emt 0:00:44]} Rc2 {[%emt 0:00:12]} 0-1

[Event "11th Arad Open 2018"]
[Site "Arad"]
[Date "2018.08.07"]
[Round "4"]
[White "Trifan, Andrei Ioan"]
[Black "Womacka, Mathias"]
[Result "1/2-1/2"]
[WhiteElo "2308"]
[BlackElo "2450"]
[Annotator "RC"]
[PlyCount "93"]
[EventDate "2018.08.05"]
[EventType "swiss"]
[EventCountry "ROU"]
[SourceTitle "playchess.com"]
[Source "ChessBase"]
[SourceQuality "1"]
[TimeControl "40/5400+30:1800+30"]

1. e4 {[%emt 0:00:00]} c5 {[%emt 0:00:00]} 2. Nf3 {[%emt 0:00:01]} d6 {[%emt 0:00:00]} 3. d4 {[%emt 0:00:56]} cxd4 {[%emt 0:00:00]} 4. Nxd4 {[%emt 0:00:06]} Nf6 {[%emt 0:00:00]} 5. Nc3 {[%emt 0:01:07]} a6 {[%emt 0:00:00]} 6. Bg5 {[%emt 0:00:11]} e6 {[%emt 0:00:16]} 7. f4 {[%emt 0:01:22]} h6 {[%emt 0:00:12]} 8. Bh4 {[%emt 0:00:41]} Qb6 {[%emt 0:00:12]} 9. Qd2 {[%emt 0:00:25]} Qxb2 {[%emt 0:00:19]} 10. Rb1 {[%emt 0:00:57]} Qa3 {[%emt 0:00:21]} 11. e5 {[%emt 0:00:47]} dxe5 {[%emt 0:02:42]} 12. fxe5 {[%emt 0:00:22]} g5 {[%emt 0:00:54]} 13. Bf2 {[%emt 0:03:21]} Ng4 {[%emt 0:02:26]} 14. Bg3 {[%emt 0:00:17]} Bg7 {[%emt 0:22:14]} 15. Bb5+ {[%emt 0:04:57]} Nd7 {[%emt 0:04:35]} 16. Bxd7+ {[%emt 0:00:59]} Bxd7 {[%emt 0:00:12]} 17. Rb3 {[%emt 0:01:55]} Qa5 {[%emt 0:26:02]} 18. Rxb7 {[%emt 0:01:08]} Nxe5 {[%emt 0:21:58]} 19. O-O {[%emt 0:01:13]} Qc5 {[%emt 0:03:56]} 20. Ne4 {[%emt 0:31:08]} Nc4 {[%emt 0:00:06]} 21. Nxc5 {[%emt 0:00:45]} Nxd2 {[%emt 0:00:05]} 22. Rxd7 {[%emt 0:00:50]} Nxf1 {[%emt 0:05:19]} 23. Kxf1 {[%emt 0:00:39]} O-O {[%emt 0:05:11]} 24. Ndb3 {[%emt 0:03:21]} Rfc8 {[%emt 0:00:33]} 25. Ke2 {[%emt 0:01:37]} Rc6 {[%emt 0:00:18]} 26. Rc7 {[%emt 0:06:19]} Rxc7 {[%emt 0:01:27]} 27. Bxc7 {[%emt 0:00:03]} f5 {[%emt 0:00:34]} 28. Nxe6 {[%emt 0:06:18]} Re8 {[%emt 0:00:31]} 29. Nbc5 {[%emt 0:00:11]} Kf7 {[%emt 0:00:46]} 30. Kf3 {[%emt 0:01:08]} Rxe6 {[%emt 0:00:28]} 31. Nxe6 {[%emt 0:00:05]} Kxe6 {[%emt 0:00:03]} 32. g4 {[%emt 0:02:35]} Bc3 {[%emt 0:02:47]} 33. h3 {[%emt 0:06:34]} Kf6 {[%emt 0:00:38]} 34. h4 {[%emt 0:04:47]} gxh4 {[%emt 0:01:00]} 35. Bd8+ {[%emt 0:00:14]} Ke6 {[%emt 0:00:32]} 36. Bxh4 {[%emt 0:00:26]} fxg4+ {[%emt 0:00:09]} 37. Kxg4 {[%emt 0:00:03]} Kd5 {[%emt 0:00:13]} 38. Kh5 {[%emt 0:09:50]} Bd2 {[%emt 0:00:12]} 39. Bf6 {[%emt 0:01:49]} Kc4 {[%emt 0:00:44]} 40. Bg7 {[%emt 0:00:00]} Kb4 {[%emt 0:00:00]} 41. Bxh6 {[%emt 0:19:55]} Bxh6 {[%emt 0:16:07]} 42. Kxh6 {[%emt 0:00:05]} Kc3 {[%emt 0:01:16]} 43. Kg5 {[%emt 0:01:58]} Kxc2 {[%emt 0:00:09]} 44. Kf4 {[%emt 0:00:28]} Kb2 {[%emt 0:00:09]} 45. a4 {[%emt 0:00:16]} Kb3 {[%emt 0:00:17]} 46. a5 {[%emt 0:00:19]} Kb4 {[%emt 0:00:06]} 47. Ke3 {[%emt 0:00:11]} 1/2-1/2

[Event "11th Arad Open 2018"]
[Site "Arad"]
[Date "2018.08.07"]
[Round "4"]
[White "Tomici, Stefan"]
[Black "Zawadzka, Jolanta"]
[Result "1-0"]
[WhiteElo "2306"]
[BlackElo "2435"]
[Annotator "TA"]
[PlyCount "73"]
[EventDate "2018.08.05"]
[EventType "swiss"]
[EventCountry "ROU"]
[SourceTitle "playchess.com"]
[Source "ChessBase"]
[SourceQuality "1"]

{[%evp 12,73,29,29,28,19,31,38,26,29,40,25,54,13,22,0,4,6,43,19,53,-12,27,-10,0,-13,-12,-12,0,-12,-8,-13,0,0,0,-82,-20,-49,-72,-65,-65,-60,455,447,488,479,468,412,483,491,689,410,927,889,884,883,29991,29992,29992,29993,29993,29994,29995,29996]} 1. c4 e5 2. g3 c6 3. d4 d6 4. Nc3 Nf6 5. Bg2 Be7 6. e3 O-O 7. Nge2 {LiveBook: 31 Games} Bf5 {A53: Old Indian Defence without Nf3} (7... Qc7 8. O-O Re8 9. h3 h6 10. g4 Nbd7 11. Ng3 Nf8 12. f4 N6h7 13. fxe5 dxe5 14. d5 Bh4 15. Nge4 {½-½ (52) Pacher,M (2448)-Vajda,L (2599) Dunajska Streda 2017}) 8. h3 Na6 9. O-O h6 {White is slightly better.} 10. e4 Bh7 11. Be3 Nc7 $146 ({Predecessor:} 11... exd4 12. Qxd4 Re8 13. Rad1 Bf8 14. g4 Nb4 15. Qd2 {½-½ (45) Novkovic,M (2390)-Meier,A (2163) Austria 2014}) 12. a4 a5 13. Qd2 Re8 14. Rad1 Qb8 15. f4 Na6 16. Kh1 ({White should play} 16. d5 $14) 16... Bd8 17. dxe5 dxe5 18. fxe5 Qxe5 {Threatening ...Nc5.} 19. Bd4 Qc7 {[%cal Rf6e4]} 20. e5 Nd7 21. e6 $1 {[%cal Re6f7]} Nf6 22. exf7+ Qxf7 23. b3 (23. g4 $1 $11 {remains equal.}) 23... Qg6 (23... Nb4 $17 24. Rc1 Qd7) 24. Rf3 Nb4 25. Nf4 Qc2 26. Re3 Be7 $2 {[%mdl 8192]} (26... Bc7 $15 {stays ahead.}) 27. Qe1 $18 {[#] aiming for Bxf6.} Kf7 28. Bxf6 Bxf6 29. Ne4 Be5 30. Rd2 Bxf4 (30... Rad8 $142 31. Nd3 (31. Rxc2 Nxc2 32. Qf2 Nxe3 $18) 31... Bxe4) 31. gxf4 {[#] White threatens Nd6+ and mate.} Bxe4 (31... Kf8 $142 32. f5 Bxf5) 32. Bxe4 Rxe4 33. Rxe4 Qxb3 34. Re7+ {White mates.} Kf8 35. Qe6 {[%csl Ge7][%cal Re6f7]} Qf3+ 36. Kg1 {[%csl Ge7][%cal Re6f7]} Qh5 37. Rdd7 {Precision: White = 52%, Black = 28%.} 1-0

[Event "11th Arad Open 2018"]
[Site "Arad"]
[Date "2018.08.07"]
[Round "4"]
[White "Nastase, Robert-Paul"]
[Black "Solcanean, Serghei"]
[Result "1/2-1/2"]
[WhiteElo "2299"]
[BlackElo "2051"]
[Annotator "NA"]
[PlyCount "114"]
[EventDate "2018.08.05"]
[EventType "swiss"]
[EventCountry "ROU"]
[SourceTitle "playchess.com"]
[Source "ChessBase"]
[SourceQuality "1"]
[TimeControl "40/5400+30:1800+30"]

1. d4 {[%emt 0:00:00]} Nf6 {[%emt 0:01:09]} 2. c4 {[%emt 0:00:00]} c6 {[%emt 0:00:08]} 3. Nc3 {[%emt 0:00:00]} d5 {[%emt 0:00:12]} 4. Nf3 {[%emt 0:00:00]} a6 {[%emt 0:00:41]} 5. c5 {[%emt 0:00:00]} Nbd7 {[%emt 0:00:09]} 6. Bf4 {[%emt 0:00:08]} Nh5 {[%emt 0:00:14]} 7. Bg5 {[%emt 0:00:04]} g6 {[%emt 0:00:33]} 8. e4 {[%emt 0:00:12]} f6 {[%emt 0:00:29]} 9. Be3 {[%emt 0:03:08]} e6 {[%emt 0:00:12]} 10. Be2 {[%emt 0:08:17]} Be7 {[%emt 0:01:58]} 11. Bh6 {[%emt 0:09:38]} Kf7 {[%emt 0:02:04]} 12. Nd2 {[%emt 0:08:33]} Ng7 {[%emt 0:04:23]} 13. f3 {[%emt 0:03:33]} f5 {[%emt 0:00:37]} 14. O-O {[%emt 0:01:55]} Re8 {[%emt 0:00:25]} 15. b4 {[%emt 0:03:59]} Kg8 {[%emt 0:00:46]} 16. Nb3 {[%emt 0:00:24]} dxe4 {[%emt 0:02:16]} 17. fxe4 {[%emt 0:00:23]} Nf6 {[%emt 0:00:10]} 18. e5 {[%emt 0:09:01]} Nd5 {[%emt 0:00:13]} 19. Nxd5 {[%emt 0:00:11]} exd5 {[%emt 0:00:52]} 20. Qd2 {[%emt 0:01:50]} Ne6 {[%emt 0:00:55]} 21. a4 {[%emt 0:03:00]} Bd7 {[%emt 0:01:04]} 22. b5 {[%emt 0:04:36]} axb5 {[%emt 0:03:04]} 23. axb5 {[%emt 0:00:07]} Rxa1 {[%emt 0:00:03]} 24. Rxa1 {[%emt 0:00:06]} Bg5 {[%emt 0:00:05]} 25. Bxg5 {[%emt 0:00:16]} Qxg5 {[%emt 0:00:08]} 26. Qxg5 {[%emt 0:00:23]} Nxg5 {[%emt 0:00:08]} 27. Ra7 {[%emt 0:00:40]} Rb8 {[%emt 0:01:00]} 28. b6 {[%emt 0:03:04]} Ne6 {[%emt 0:00:46]} 29. Kf2 {[%emt 0:00:12]} Bc8 {[%emt 0:02:06]} 30. h4 {[%emt 0:01:42]} h6 {[%emt 0:00:10]} 31. g3 {[%emt 0:00:41]} g5 {[%emt 0:00:19]} 32. hxg5 {[%emt 0:01:13]} hxg5 {[%emt 0:00:06]} 33. Ke3 {[%emt 0:00:14]} Kg7 {[%emt 0:00:47]} 34. Bd3 {[%emt 0:00:25]} f4+ {[%emt 0:05:08]} 35. gxf4 {[%emt 0:00:23]} Nxf4 {[%emt 0:00:07]} 36. Bc2 {[%emt 0:01:42]} Kh6 {[%emt 0:01:06]} 37. Bd1 {[%emt 0:06:37]} Kg6 {[%emt 0:00:30]} 38. Kf3 {[%emt 0:00:53]} Ne6 {[%emt 0:03:27]} 39. Kg3 {[%emt 0:00:08]} Nd8 {[%emt 0:00:38]} 40. Ra2 {[%emt 0:00:00]} Bf5 {[%emt 0:00:00]} 41. Bg4 {[%emt 0:26:19]} Bxg4 {[%emt 0:17:20]} 42. Kxg4 {[%emt 0:00:06]} Nf7 {[%emt 0:00:20]} 43. Ra7 {[%emt 0:08:57]} Nh6+ {[%emt 0:02:01]} 44. Kh3 {[%emt 0:00:04]} Nf5 {[%emt 0:00:25]} 45. Kg2 {[%emt 0:00:59]} g4 {[%emt 0:00:37]} 46. Na5 {[%emt 0:02:40]} Nxd4 {[%emt 0:01:08]} 47. Rxb7 {[%emt 0:00:06]} Rxb7 {[%emt 0:18:57]} 48. Nxb7 {[%emt 0:00:06]} Ne6 {[%emt 0:00:06]} 49. Kg3 {[%emt 0:00:04]} Kg5 {[%emt 0:00:54]} 50. Na5 {[%emt 0:01:53]} Nxc5 {[%emt 0:00:16]} 51. Nxc6 {[%emt 0:00:10]} Kf5 {[%emt 0:01:29]} 52. Nb4 {[%emt 0:00:23]} d4 {[%emt 0:03:32]} 53. Nd3 {[%emt 0:00:28]} Nb7 {[%emt 0:00:27]} 54. Kh4 {[%emt 0:00:14]} Nd8 {[%emt 0:00:40]} 55. Kg3 {[%emt 0:01:16]} Nb7 {[%emt 0:00:09]} 56. Kh4 {[%emt 0:00:56]} Nd8 {[%emt 0:00:09]} 57. Kg3 {[%emt 0:00:05]} Nb7 {[%emt 0:00:15]} 1/2-1/2

[Event "11th Arad Open 2018"]
[Site "Arad"]
[Date "2018.08.07"]
[Round "4"]
[White "Florescu, Codrut-Constantin"]
[Black "Petrisor, Adrian-Marian"]
[Result "1/2-1/2"]
[WhiteElo "2295"]
[BlackElo "2416"]
[Annotator "TA"]
[PlyCount "24"]
[EventDate "2018.08.05"]
[EventType "swiss"]
[EventCountry "ROU"]
[SourceTitle "playchess.com"]
[Source "ChessBase"]
[SourceQuality "1"]

{[%evp 17,24,26,31,22,27,28,35,8,18]} 1. d4 Nf6 2. Nf3 g6 3. Bf4 Bg7 4. e3 O-O 5. Be2 c5 6. c3 d5 {A48: 1 d4 Nf6 2 Nf3 g6: Torre, London and Colle Systems} (6... b6 7. O-O Bb7 8. Nbd2 d6 9. h3 Na6 10. Bh2 Nc7 11. a4 Ne4 12. Nxe4 Bxe4 13. Nd2 Bc6 14. b4 Qc8 15. b5 Bd5 16. a5 f5 17. Re1 {1-0 (53) Caruana,F (2816)-Aronian,L (2764) Leuven 2018}) 7. Nbd2 Nfd7 8. O-O Nc6 9. Qb3 c4 {LiveBook: 4 Games} 10. Qc2 e5 $146 ({Predecessor:} 10... b5 11. e4 Nf6 12. Ne5 Nxe5 13. Bxe5 {0-1 (52) Stawiarski,E (2231)-Fressinet,L (2595) Senat 2003}) 11. dxe5 Ndxe5 12. Nxe5 Nxe5 1/2-1/2